[Event "Xtracon Chess Open 2016"]
[Site "Elsinore"]
[Date "2016.07.30"]
[Round "9.22"]
[White "Fossan, Petter"]
[Black "Leenhouts, Koen"]
[Result "0-1"]
[WhiteElo "2303"]
[BlackElo "2491"]
[PlyCount "42"]
[EventDate "2016.07.23"]

1. e4 e6 2. d4 c5 3. c3 d5 4. exd5 exd5 5. Nf3 a6 6. Be2 cxd4 7. cxd4 Bd6 8.
O-O Ne7 9. Nc3 Nbc6 10. Re1 O-O 11. Bd3 h6 12. Ne5 Nxd4 13. Bh7+ Kxh7 14. Qxd4
Nc6 15. Qd3+ Kg8 16. Nf3 d4 17. Ne4 Bf5 18. a3 Re8 19. b4 Qe7 20. Nfd2 Bf4 21.
f3 Bxh2+ 0-1

[Event "Xtracon Chess Open 2016"]
[Site "Elsinore"]
[Date "2016.07.30"]
[Round "9.23"]
[White "Zoler, Dan"]
[Black "Rostgaard, Tobias Valentin"]
[Result "1-0"]
[WhiteElo "2484"]
[BlackElo "2287"]
[PlyCount "67"]
[EventDate "2016.07.23"]

1. d4 d5 2. c4 e6 3. Nc3 c5 4. cxd5 exd5 5. Nf3 Nc6 6. g3 Nf6 7. Bg2 Be7 8. O-O
O-O 9. Bg5 c4 10. e3 Be6 11. Nd2 h6 12. Bxf6 Bxf6 13. b3 cxb3 14. Nxb3 Rc8 15.
Nc5 b6 16. Nxe6 fxe6 17. Ne2 g5 18. Rc1 Qd7 19. Qd3 Ne7 20. Bf3 Rxc1 21. Nxc1
Nf5 22. Bg4 Bg7 23. Qb3 Qf7 24. Qd1 Nd6 25. Nd3 Nc4 26. Qe2 Qg6 27. Re1 Qe4 28.
Bh3 Qg6 29. Bg2 Nd6 30. Rc1 Rc8 31. Rxc8+ Nxc8 32. Qc2 Nd6 33. Qc6 Nc4 34. Bxd5
1-0

[Event "Xtracon Chess Open 2016"]
[Site "Elsinore"]
[Date "2016.07.30"]
[Round "9.24"]
[White "Sipila, Vilka"]
[Black "Ranaldi, Lucas"]
[Result "1-0"]
[WhiteElo "2458"]
[BlackElo "2228"]
[PlyCount "63"]
[EventDate "2016.07.23"]

1. Nf3 Nf6 2. g3 g6 3. b3 Bg7 4. Bb2 O-O 5. Bg2 c5 6. c4 d6 7. d4 Nbd7 8. O-O
a6 9. Nc3 Rb8 10. Rc1 b5 11. cxb5 axb5 12. dxc5 Nxc5 13. Nd4 Bd7 14. b4 Na6 15.
a3 Qb6 16. Qd3 Rfc8 17. Ndxb5 Bxb5 18. Nxb5 Rxc1 19. Rxc1 Ng4 20. Nd4 Nc5 21.
Qd1 Na4 22. Ba1 e5 23. Qxa4 exd4 24. Qc6 Qxc6 25. Rxc6 Rd8 26. Rc1 Re8 27. b5
Bh6 28. Rb1 Kf8 29. Bxd4 Ne5 30. b6 Nd7 31. Bc6 Ke7 32. b7 1-0

[Event "Xtracon Chess Open 2016"]
[Site "Elsinore"]
[Date "2016.07.30"]
[Round "9.25"]
[White "Holm, Kristian Stuvik"]
[Black "Lenaerts, Lennert"]
[Result "1-0"]
[WhiteElo "2411"]
[BlackElo "2259"]
[PlyCount "97"]
[EventDate "2016.07.23"]

1. d4 d5 2. c4 c6 3. cxd5 cxd5 4. Nc3 Nf6 5. f3 Nc6 6. e4 dxe4 7. d5 Ne5 8.
fxe4 e6 9. Nf3 Nxf3+ 10. Qxf3 exd5 11. Bb5+ Bd7 12. e5 Ne4 13. Rf1 f6 14. exf6
Nxf6 15. Qe2+ Qe7 16. Bxd7+ Kxd7 17. Be3 Re8 18. Rf3 Qe6 19. O-O-O Kc8 20. Qd3
Bb4 21. Bxa7 Bxc3 22. Qxc3+ Qc6 23. Kb1 Qxc3 24. Rxc3+ Kd7 25. Rb3 Re2 26.
Rxb7+ Ke6 27. Rxg7 Ne4 28. Bd4 Ra8 29. a3 Nd2+ 30. Ka2 Nc4 31. Rd3 Rf8 32. Rh3
Re4 33. Bc5 Rb8 34. Re7+ Kf5 35. Rf3+ Kg6 36. b3 Nd2 37. Rd3 Rxe7 38. Bxe7 Ne4
39. Bb4 Kf6 40. Kb2 Ke6 41. Rh3 Rg8 42. g3 Rg7 43. Bc3 Rf7 44. Rh6+ Kd7 45. Bd4
Nd6 46. a4 Nf5 47. Rf6 Rxf6 48. Bxf6 Ke6 49. Bh8 1-0

[Event "Xtracon Chess Open 2016"]
[Site "Elsinore"]
[Date "2016.07.30"]
[Round "9.26"]
[White "Larsen, Peter"]
[Black "Kristiansen, Jens"]
[Result "0-1"]
[WhiteElo "2265"]
[BlackElo "2410"]
[PlyCount "94"]
[EventDate "2016.07.23"]

1. e4 c5 2. Nf3 d6 3. Bb5+ Nc6 4. O-O Bd7 5. Re1 Nf6 6. h3 a6 7. Bf1 g6 8. c3
Bg7 9. d4 cxd4 10. cxd4 O-O 11. Nc3 e5 12. Bg5 h6 13. dxe5 dxe5 14. Be3 Be6 15.
Qxd8 Rfxd8 16. Bb6 Rdc8 17. Rad1 Nd7 18. Na4 Nb4 19. a3 Nc2 20. Re2 Rc6 21. Be3
Rac8 22. Nc3 Nxe3 23. Rxe3 Bf8 24. Red3 Nc5 25. Rd8 f6 26. b4 Nd7 27. Rxc8 Rxc8
28. Nd5 Kf7 29. Be2 Rc2 30. Bd3 Rc8 31. Be2 b5 32. a4 Bxd5 33. Rxd5 Nb6 34. Rd1
Nxa4 35. Rd7+ Ke8 36. Ra7 Nc3 37. Bd3 Rc6 38. Nh4 Bxb4 39. Nxg6 a5 40. Rb7 Kd8
41. Bxb5 Nxb5 42. Rxb5 Rc1+ 43. Kh2 Kc7 44. f4 Rc5 45. Rxc5+ Bxc5 46. fxe5 fxe5
47. Nxe5 Bd6 0-1

[Event "Xtracon Chess Open 2016"]
[Site "Elsinore"]
[Date "2016.07.30"]
[Round "9.27"]
[White "Tryggestad, Andreas Garberg"]
[Black "Haria, Ravi"]
[Result "1/2-1/2"]
[WhiteElo "2216"]
[BlackElo "2394"]
[PlyCount "69"]
[EventDate "2016.07.23"]

1. d4 e6 2. Nf3 Nf6 3. g3 b5 4. Bg2 d5 5. O-O Nbd7 6. b3 Be7 7. c4 bxc4 8. bxc4
O-O 9. Nc3 Bb7 10. c5 Ne4 11. Qc2 Nxc3 12. Qxc3 c6 13. Bf4 Re8 14. Rfe1 Bf8 15.
Ne5 Nxe5 16. Bxe5 Ba6 17. e4 Bc4 18. a3 Qc8 19. Rab1 Qa6 20. Rb4 Be7 21. Reb1
Bd3 22. Re1 Bd8 23. Re3 Bxe4 24. Bxe4 dxe4 25. Rxe4 Re7 26. Bd6 Rb7 27. Qb3
Rxb4 28. Qxb4 Bf6 29. Re3 Rd8 30. Kg2 h5 31. h3 g6 32. Rb3 Qe2 33. Re3 Qa6 34.
Rb3 Qe2 35. Re3 1/2-1/2

[Event "Xtracon Chess Open 2016"]
[Site "Elsinore"]
[Date "2016.07.30"]
[Round "9.28"]
[White "Kistrup, Nicolai"]
[Black "Risting, Eivind Olav"]
[Result "0-1"]
[WhiteElo "2089"]
[BlackElo "2376"]
[PlyCount "82"]
[EventDate "2016.07.23"]

1. d4 Nf6 2. Nf3 c5 3. d5 b5 4. Bg5 Qb6 5. a4 b4 6. c4 d6 7. Qd3 g6 8. Nbd2 Bg7
9. g3 h6 10. Bxf6 exf6 11. h4 h5 12. Qe3+ Kf8 13. Qf4 f5 14. Rb1 Bh6 15. Ng5 f6
16. Ndf3 fxg5 17. hxg5 Bg7 18. Nh4 Kf7 19. Bh3 Be5 20. Qf3 Qd8 21. Nxf5 gxf5
22. Bxf5 Bxf5 23. Qxf5+ Kg7 24. f4 Qd7 25. Qxd7+ Nxd7 26. fxe5 Nxe5 27. b3 Kg6
28. Kd2 Kxg5 29. Rbf1 Raf8 30. e4 Rxf1 31. Rxf1 h4 32. Rf5+ Kg6 33. gxh4 Rxh4
34. Rf2 Rxe4 35. Kc2 Re3 36. Rg2+ Kf5 37. Kb2 Ke4 38. Rh2 Kd3 39. Kb1 Kc3 40.
Ka2 Nd3 41. Rg2 Nc1+ 0-1

[Event "Xtracon Chess Open 2016"]
[Site "Elsinore"]
[Date "2016.07.30"]
[Round "9.29"]
[White "Skjoldager, Per"]
[Black "Jensson, Einar Hjalti"]
[Result "0-1"]
[WhiteElo "2160"]
[BlackElo "2371"]
[PlyCount "34"]
[EventDate "2016.07.23"]

1. e4 d6 2. d4 Nf6 3. Bd3 g6 4. Nf3 Bg7 5. O-O O-O 6. h3 Nc6 7. c3 e5 8. dxe5
Nxe5 9. Nxe5 dxe5 10. Qe2 Nh5 11. Rd1 Qh4 12. Qf1 f5 13. Nd2 f4 14. b3 f3 15.
g3 Nxg3 16. fxg3 Qxg3+ 17. Kh1 Bxh3 0-1

[Event "Xtracon Chess Open 2016"]
[Site "Elsinore"]
[Date "2016.07.30"]
[Round "9.30"]
[White "Rosell, Sven"]
[Black "Aabling Thomsen, Jakob"]
[Result "0-1"]
[WhiteElo "1996"]
[BlackElo "2344"]
[PlyCount "86"]
[EventDate "2016.07.23"]

1. c4 f5 2. Nf3 Nf6 3. g3 g6 4. Bg2 Bg7 5. O-O d6 6. Nc3 e5 7. d3 O-O 8. Rb1
Nh5 9. Bd2 f4 10. b4 g5 11. Qb3 g4 12. Ne1 Nc6 13. Nc2 f3 14. exf3 gxf3 15. Bh1
Bh3 16. Rfe1 Qd7 17. b5 Ne7 18. Ne4 Kh8 19. Ng5 Bg4 20. Re4 h6 21. Ne3 Nf6 22.
Nxg4 Nxe4 23. Nxe4 Qxg4 24. Qd1 Rf7 25. Rb4 Qf5 26. Ra4 d5 27. cxd5 Nxd5 28.
Qc1 Qg6 29. Qc5 Nb6 30. Ra5 Rd8 31. Qc2 Qg4 32. Rxa7 Qd7 33. Nc5 Qxb5 34. Ra5
Qc6 35. Qb3 Qd5 36. h4 Qxb3 37. axb3 e4 38. Nxe4 Rxd3 39. Be3 Nd5 40. Ra8+ Kh7
41. Bc5 Rxb3 42. Nd2 Rd3 43. Ra2 b6 0-1

[Event "Xtracon Chess Open 2016"]
[Site "Elsinore"]
[Date "2016.07.30"]
[Round "9.31"]
[White "Hoi, Carsten"]
[Black "Voll, Oddvar U"]
[Result "1-0"]
[WhiteElo "2386"]
[BlackElo "1967"]
[PlyCount "49"]
[EventDate "2016.07.23"]

1. c4 c6 2. e4 d5 3. exd5 cxd5 4. cxd5 Nf6 5. Nc3 Nxd5 6. Nf3 e6 7. d4 Be7 8.
Bd3 O-O 9. O-O Nc6 10. Re1 b6 11. Nxd5 Qxd5 12. Be4 Qd6 13. Qc2 Bb7 14. Bxh7+
Kh8 15. Be4 Rac8 16. Qe2 Bf6 17. Ne5 g6 18. Qf3 Bxe5 19. Qh3+ Kg8 20. dxe5 Qxe5
21. Bh6 Qxb2 22. Bxf8 Kxf8 23. Rac1 Qxa2 24. Bxg6 fxg6 25. Qh8+ 1-0

[Event "Xtracon Chess Open 2016"]
[Site "Elsinore"]
[Date "2016.07.30"]
[Round "9.32"]
[White "Haubro, Martin"]
[Black "Leutwyler, Martin"]
[Result "1-0"]
[WhiteElo "2370"]
[BlackElo "2145"]
[PlyCount "105"]
[EventDate "2016.07.23"]

1. e4 Nf6 2. e5 Nd5 3. d4 d6 4. Nf3 g6 5. Bc4 Nb6 6. Bb3 Bg7 7. a4 a5 8. Ng5 e6
9. f4 dxe5 10. fxe5 c5 11. c3 cxd4 12. O-O O-O 13. cxd4 Nc6 14. Nf3 f6 15. Nc3
fxe5 16. Bg5 Qd7 17. dxe5 Nxe5 18. Nxe5 Qxd1 19. Rfxd1 Bxe5 20. Rd3 Nd5 21.
Nxd5 exd5 22. Re1 Bxb2 23. Rxd5 Kh8 24. Be7 Bf5 25. Bxf8 Rxf8 26. h3 Bc3 27.
Re2 Bb4 28. Bc2 Bc8 29. Bd3 b6 30. Bb5 Bb7 31. Rd7 Bc5+ 32. Kh2 Bc8 33. Rdd2
Bb7 34. Re8 Rxe8 35. Bxe8 Be3 36. Rd7 Ba6 37. Kg3 Bc5 38. Kf3 Bc4 39. Bf7 Ba6
40. Kf4 Bf1 41. Ke5 Ba3 42. Bd5 Bd3 43. Kf6 Bb2+ 44. Kf7 h5 45. Rd6 Bc2 46.
Rxb6 Bd4 47. Ra6 Bxa4 48. Kxg6 Bc2+ 49. Kxh5 a4 50. g4 Bb2 51. g5 a3 52. Ra8+
Kg7 53. Rg8+ 1-0

[Event "Xtracon Chess Open 2016"]
[Site "Elsinore"]
[Date "2016.07.30"]
[Round "9.33"]
[White "Percivaldi, Martin"]
[Black "Royset, Pal"]
[Result "1-0"]
[WhiteElo "2347"]
[BlackElo "2144"]
[PlyCount "103"]
[EventDate "2016.07.23"]

1. Nf3 Nf6 2. c4 e6 3. g3 b6 4. Bg2 Bb7 5. O-O d5 6. d4 Bd6 7. Nc3 a6 8. Ne5
O-O 9. cxd5 Nxd5 10. Nxd5 Bxd5 11. e4 Bb7 12. Nc4 Be7 13. Be3 Nd7 14. Qb3 Rc8
15. a4 Nf6 16. f3 Ba8 17. Rfd1 Kh8 18. Rac1 Nd7 19. h3 Qe8 20. Kh2 f5 21. Ne5
Bd6 22. Nxd7 Qxd7 23. e5 Be7 24. f4 Bxg2 25. Kxg2 Rfd8 26. Kf2 h5 27. Qc4 b5
28. axb5 axb5 29. Qc6 Kg8 30. Qxd7 Rxd7 31. Rc6 Kf7 32. Ra1 Bb4 33. Raa6 Re7
34. Ra7 Ke8 35. Rb7 Kd7 36. Rc2 Ba5 37. Rxb5 Bb6 38. d5 Bxe3+ 39. Kxe3 exd5 40.
Rxd5+ Ke6 41. Rdc5 Kd7 42. g4 hxg4 43. hxg4 fxg4 44. f5 Kd8 45. Kf4 Rb8 46.
Kxg4 Rb3 47. Rd5+ Ke8 48. Rcd2 Rb8 49. e6 g6 50. Rh2 Rb4+ 51. Kg5 Kf8 52. f6
1-0

[Event "Xtracon Chess Open 2016"]
[Site "Elsinore"]
[Date "2016.07.30"]
[Round "9.34"]
[White "Moe, Mogens"]
[Black "Petersen, Tom Petri"]
[Result "0-1"]
[WhiteElo "2138"]
[BlackElo "2346"]
[PlyCount "100"]
[EventDate "2016.07.23"]

1. e4 g6 2. d4 Bg7 3. Nc3 a6 4. Nf3 d6 5. Bc4 e6 6. a4 b6 7. O-O Nd7 8. Bg5 Ne7
9. Qd2 h6 10. Bh4 Bb7 11. h3 O-O 12. Nh2 g5 13. Bg3 Ng6 14. f4 gxf4 15. Bxf4
Nf6 16. Rae1 Kh7 17. Nf3 Nh5 18. Bh2 e5 19. Bd5 c6 20. Bb3 Qe7 21. Ne2 c5 22.
d5 Bf6 23. g4 Ng7 24. Bg3 Rg8 25. Qe3 Raf8 26. Kh2 Bc8 27. Rg1 Qd7 28. Bf2 Be7
29. Rg3 h5 30. Ng5+ Bxg5 31. Qxg5 Qe7 32. gxh5 Qxg5 33. Rxg5 Ne7 34. Ng3 f6 35.
Rg4 f5 36. exf5 Nexf5 37. Ne4 Nd4 38. Bxd4 Bxg4 39. hxg4 cxd4 40. Nxd6 Rf4 41.
Ne4 Nxh5 42. d6 Rgxg4 43. d7 Rf8 44. Bf7 Kg7 45. Kh3 Rxe4 46. Be8 Rxe1 47. d8=Q
Nf4+ 48. Kh2 Re2+ 49. Kg3 Rg2+ 50. Kf3 Ne6+ 0-1

[Event "Xtracon Chess Open 2016"]
[Site "Elsinore"]
[Date "2016.07.30"]
[Round "9.35"]
[White "Mardell, Jimmy"]
[Black "Kramer, Julian"]
[Result "1/2-1/2"]
[WhiteElo "2112"]
[BlackElo "2341"]
[PlyCount "75"]
[EventDate "2016.07.23"]

1. e4 e5 2. Nf3 Nc6 3. Bc4 Bc5 4. d3 Nf6 5. O-O d6 6. c3 a6 7. Bb3 Ba7 8. Nbd2
O-O 9. Nc4 h6 10. Ne3 Ng4 11. d4 Nxe3 12. fxe3 Qe7 13. Qe1 Na5 14. Bc2 Bg4 15.
Nh4 g6 16. b3 c5 17. Qg3 Qg5 18. dxe5 dxe5 19. c4 Be2 20. Rf2 Qxg3 21. hxg3 Bg4
22. Bb2 Nc6 23. Bd1 Be6 24. Rd2 Rad8 25. Rd5 Bb8 26. Nf3 Bxd5 27. exd5 Nb4 28.
Nxe5 Bxe5 29. Bxe5 Rfe8 30. Bc7 Rd7 31. Bb6 Rxe3 32. Bg4 f5 33. Bxc5 fxg4 34.
Bxb4 Rxg3 35. Kf2 Rd3 36. Ke2 Rg3 37. Kf2 Rd3 38. Ke2 1/2-1/2

[Event "Xtracon Chess Open 2016"]
[Site "Elsinore"]
[Date "2016.07.30"]
[Round "9.36"]
[White "Haug, Johannes"]
[Black "Klings, Peter"]
[Result "1/2-1/2"]
[WhiteElo "2318"]
[BlackElo "2133"]
[PlyCount "78"]
[EventDate "2016.07.23"]

1. e4 c6 2. d4 d5 3. e5 Bf5 4. h4 h6 5. g4 Bd7 6. h5 e6 7. Be3 Qb6 8. Nd2 c5 9.
Ngf3 Nc6 10. dxc5 Bxc5 11. Bxc5 Qxc5 12. c3 Nge7 13. Bd3 Qb6 14. Nb3 a6 15. Qe2
O-O-O 16. O-O-O Na5 17. Nxa5 Qxa5 18. Kb1 Nc6 19. Qe3 f6 20. exf6 gxf6 21. Nd4
e5 22. Nf5 Bxf5 23. Bxf5+ Kb8 24. f4 e4 25. Rh2 Qb5 26. Ka1 Ka8 27. Rhd2 Rd6
28. Bg6 Rhd8 29. Qf2 Qc4 30. Qe3 Qb5 31. Qf2 Qc4 32. Qe3 Qb5 33. b3 Qa5 34. Kb1
Qa3 35. Qe2 Qc5 36. Rc2 Qb6 37. Rcd2 Qc5 38. Rc2 Qb6 39. Rcd2 Qc5 1/2-1/2

[Event "Xtracon Chess Open 2016"]
[Site "Elsinore"]
[Date "2016.07.30"]
[Round "9.37"]
[White "Heinis, Vincent"]
[Black "Matthiesen, Martin"]
[Result "0-1"]
[WhiteElo "2131"]
[BlackElo "2316"]
[PlyCount "70"]
[EventDate "2016.07.23"]

1. e4 c5 2. Nc3 Nc6 3. Bb5 Nd4 4. Bc4 e6 5. Nge2 Ne7 6. O-O Nec6 7. Ng3 a6 8.
d3 b5 9. Bd5 Bb7 10. Bxc6 Bxc6 11. e5 d6 12. Nce4 dxe5 13. f4 h5 14. h4 Qxh4
15. fxe5 Qg4 16. Qxg4 hxg4 17. c3 Bxe4 18. Nxe4 Nf5 19. Bf4 O-O-O 20. a4 b4 21.
Rfd1 Kb7 22. g3 Rd5 23. Nd2 g5 24. Bxg5 Nxg3 25. Nc4 bxc3 26. bxc3 Ne2+ 27. Kg2
Nxc3 28. Rh1 Rh3 29. Rxh3 gxh3+ 30. Kxh3 Rxd3+ 31. Kh2 Rd4 32. Rf1 Rxc4 33.
Rxf7+ Kc6 34. Rxf8 Rxa4 35. Rd8 Nb5 0-1

[Event "Xtracon Chess Open 2016"]
[Site "Elsinore"]
[Date "2016.07.30"]
[Round "9.38"]
[White "Nielsen, Jan Mose"]
[Black "Nielsen, Hogni Egilstoft"]
[Result "0-1"]
[WhiteElo "2110"]
[BlackElo "2301"]
[PlyCount "62"]
[EventDate "2016.07.23"]

1. e4 e5 2. Nf3 Nc6 3. Bc4 Nf6 4. Ng5 d5 5. exd5 Na5 6. Bb5+ c6 7. dxc6 bxc6 8.
Qf3 Rb8 9. Bd3 Bd6 10. Nc3 Bg4 11. Qe3 Nd5 12. Qg3 f5 13. Nxd5 cxd5 14. Be2 e4
15. Qh4 Bxe2 16. Kxe2 Qf6 17. g3 Be7 18. d3 h6 19. Qf4 Nc6 20. Nh3 O-O 21. Rd1
Nd4+ 22. Kf1 Nxc2 23. Rb1 Bd6 24. Qd2 Nb4 25. dxe4 fxe4 26. Qd4 Be5 27. Qe3 Nd3
28. Rxd3 Qa6 29. f4 exd3 30. Kg2 Qxa2 31. Qxd3 Bxb2 0-1

[Event "Xtracon Chess Open 2016"]
[Site "Elsinore"]
[Date "2016.07.30"]
[Round "9.40"]
[White "Haldorsen, Benjamin"]
[Black "Chittka, Julius"]
[Result "1-0"]
[WhiteElo "2283"]
[BlackElo "2109"]
[PlyCount "103"]
[EventDate "2016.07.23"]

1. e4 c5 2. Nf3 Nc6 3. d4 cxd4 4. Nxd4 g6 5. Nc3 Bg7 6. Be3 Nf6 7. Bc4 O-O 8.
Bb3 d5 9. exd5 Na5 10. Qf3 Bg4 11. Qg3 Nxb3 12. axb3 Bh5 13. d6 Ng4 14. h3 Nxe3
15. Qxe3 exd6 16. O-O Re8 17. Qd2 Qh4 18. Ra4 Rac8 19. Nf5 Bxc3 20. bxc3 Qf6
21. Nxd6 Re2 22. Qd4 Qxd4 23. Rxd4 Rxc3 24. Ne4 Rcxc2 25. g4 f5 26. Ng3 Red2
27. Rxd2 Rxd2 28. gxh5 Rb2 29. Rc1 Rxb3 30. h6 a5 31. Rc8+ Kf7 32. Ra8 Kf6 33.
Rxa5 Kg5 34. Kg2 Kxh6 35. Ne2 Kg5 36. Nd4 Rb4 37. Ne6+ Kf6 38. Nc5 b6 39. Ra6
Ke7 40. Na4 b5 41. Nc3 Rb3 42. Nd5+ Kf7 43. Rb6 g5 44. Rf6+ Kg7 45. Rxf5 Kg6
46. Ne7+ Kh5 47. Nd5 Kh4 48. Rf7 h5 49. Ne3 g4 50. Rg7 gxh3+ 51. Kh2 Ra3 52.
Nf5# 1-0

[Event "Xtracon Chess Open 2016"]
[Site "Elsinore"]
[Date "2016.07.30"]
[Round "9.41"]
[White "Kunz, Andre"]
[Black "Veng, Johnny"]
[Result "0-1"]
[WhiteElo "2105"]
[BlackElo "2280"]
[PlyCount "106"]
[EventDate "2016.07.23"]

1. e4 g6 2. d4 Bg7 3. Nc3 a6 4. a4 e6 5. g3 d5 6. Nf3 Nc6 7. Be3 Nge7 8. Bg2 b6
9. O-O Bb7 10. exd5 exd5 11. Re1 O-O 12. Nh4 Qd7 13. Qd2 Rae8 14. Ne2 f6 15.
Nf3 Na5 16. b3 g5 17. Rad1 Nc8 18. Qd3 Nd6 19. Nd2 h6 20. Nc3 c6 21. f3 Bc8 22.
Bf2 Qf5 23. Bf1 Qxd3 24. Bxd3 f5 25. Na2 g4 26. Kf1 h5 27. Rxe8 Rxe8 28. Re1
Rxe1+ 29. Kxe1 Bh6 30. f4 Bf8 31. b4 Nac4 32. Nxc4 dxc4 33. Bf1 b5 34. Bg2 Bd7
35. a5 Kf7 36. c3 Ke6 37. Ke2 Nc8 38. Be1 Ne7 39. Bh1 Kd6 40. Bg2 Be6 41. Bd2
Bd5 42. Bxd5 Nxd5 43. Be1 h4 44. Kf2 h3 45. Ke2 Bh6 46. Kf2 Nxf4 47. gxf4 Bxf4
48. Kg1 Kd5 49. Bg3 Be3+ 50. Bf2 Ke4 51. Kf1 f4 52. Bxe3 Kxe3 53. Nc1 f3 0-1

[Event "Xtracon Chess Open 2016"]
[Site "Elsinore"]
[Date "2016.07.30"]
[Round "9.42"]
[White "Andersen, Rune"]
[Black "Lercel, Michal"]
[Result "1/2-1/2"]
[WhiteElo "2100"]
[BlackElo "2265"]
[PlyCount "28"]
[EventDate "2016.07.23"]

1. d4 Nf6 2. c4 g6 3. Nc3 Bg7 4. e4 d6 5. Nge2 O-O 6. Ng3 e5 7. d5 c6 8. Be2 a5
9. h4 cxd5 10. cxd5 h5 11. Bg5 Qb6 12. Be3 Qd8 13. Bg5 Qb6 14. Be3 Qd8 1/2-1/2

[Event "Xtracon Chess Open 2016"]
[Site "Elsinore"]
[Date "2016.07.30"]
[Round "9.43"]
[White "Merkesvik, Sondre"]
[Black "Brorsen, Jacob Abildlund"]
[Result "0-1"]
[WhiteElo "2263"]
[BlackElo "2112"]
[PlyCount "92"]
[EventDate "2016.07.23"]

1. e4 c5 2. Nf3 d6 3. d4 cxd4 4. Qxd4 e5 5. Bb5+ Nc6 6. Qd3 Be7 7. O-O Nf6 8.
c4 O-O 9. Nc3 Nb4 10. Qe2 Be6 11. Rd1 Qc7 12. a3 a6 13. axb4 axb5 14. Rxa8 Rxa8
15. cxb5 Bb3 16. Re1 Bc4 17. Qd1 h6 18. h3 Qd7 19. b6 Qc6 20. Be3 Bd8 21. Nd2
Be6 22. b5 Qd7 23. Ndb1 Ra1 24. Qd2 Bc4 25. Na3 Rxe1+ 26. Qxe1 Bd3 27. f3 d5
28. exd5 Nxd5 29. Bc5 f6 30. Qd2 Nxb6 31. Qe3 Nc4 32. Nxc4 Bxc4 33. b6 Qe6 34.
b4 f5 35. Nd1 Bg5 36. Qc3 e4 37. fxe4 Qxe4 38. Ne3 Bb5 39. Kh1 f4 40. Ng4 Bc6
41. Qd2 f3 42. Be3 fxg2+ 43. Kh2 g1=Q+ 44. Kxg1 Qh1+ 45. Kf2 Bh4+ 46. Ke2 Bb5+
0-1

[Event "Xtracon Chess Open 2016"]
[Site "Elsinore"]
[Date "2016.07.30"]
[Round "9.44"]
[White "Haugli, Petter"]
[Black "Machlik, Edit"]
[Result "1-0"]
[WhiteElo "2257"]
[BlackElo "2090"]
[PlyCount "51"]
[EventDate "2016.07.23"]

1. c4 e5 2. Nc3 Nf6 3. Nf3 Nc6 4. d3 d5 5. cxd5 Nxd5 6. g3 Be7 7. Bg2 Nb6 8.
O-O O-O 9. Be3 Be6 10. Ne4 f6 11. Rc1 Nd4 12. Bxd4 exd4 13. Qc2 Rc8 14. Nc5 Bd5
15. Nxd4 Bxg2 16. Nde6 Qd5 17. e4 Qe5 18. Kxg2 Bxc5 19. Nxc5 f5 20. Nxb7 f4 21.
f3 Rf6 22. g4 h5 23. h3 Qg5 24. Nc5 Rd8 25. Qf2 hxg4 26. hxg4 1-0

[Event "Xtracon Chess Open 2016"]
[Site "Elsinore"]
[Date "2016.07.30"]
[Round "9.45"]
[White "Machlik, Endre"]
[Black "Taylor, Adam C"]
[Result "0-1"]
[WhiteElo "2091"]
[BlackElo "2254"]
[PlyCount "68"]
[EventDate "2016.07.23"]

1. d4 Nf6 2. c4 c5 3. d5 b5 4. Qc2 Na6 5. Bd2 Nb4 6. Bxb4 cxb4 7. e4 Qc7 8. Nd2
e6 9. Rc1 Bb7 10. Ngf3 Rc8 11. Bd3 bxc4 12. Bxc4 Bc5 13. O-O Qb6 14. Nb3 O-O
15. Qd3 Rfe8 16. Rcd1 h6 17. Nxc5 Rxc5 18. dxe6 dxe6 19. Rfe1 Ng4 20. Rd2 Rcc8
21. e5 Red8 22. Qe2 Bxf3 23. Rxd8+ Qxd8 24. gxf3 Nxe5 25. Bxe6 Nxf3+ 26. Qxf3
fxe6 27. Qg4 Kh8 28. Rxe6 Rc5 29. Rg6 Qd5 30. f3 Rc2 31. Qh3 Rc1+ 32. Kg2 Qd2+
33. Kg3 Rg1+ 34. Kh4 Rxg6 0-1

[Event "Xtracon Chess Open 2016"]
[Site "Elsinore"]
[Date "2016.07.30"]
[Round "9.46"]
[White "Jensen, Thore Nyboe"]
[Black "Schmidt, Kristen"]
[Result "0-1"]
[WhiteElo "2081"]
[BlackElo "2241"]
[PlyCount "121"]
[EventDate "2016.07.23"]

1. e4 c5 2. Nf3 Nc6 3. Nc3 e6 4. d4 cxd4 5. Nxd4 Nf6 6. Be3 Bb4 7. Bd3 d5 8.
exd5 Nxd5 9. Nxc6 bxc6 10. Bd2 Nxc3 11. Qg4 Be7 12. Bxc3 Bf6 13. Qc4 Qd5 14.
Bxf6 Qxc4 15. Bxc4 gxf6 16. O-O-O Ke7 17. Be2 Rb8 18. Rd4 Rb6 19. Ra4 a6 20.
Rd1 e5 21. Rd3 Bb7 22. g3 c5 23. Rda3 Rb8 24. b3 Ra8 25. Rh4 Rh8 26. Ra5 Kd6
27. Rh6 Kd5 28. Kd2 Rd6 29. Ke3 Kc6 30. Ra4 Kb6 31. Rah4 Bd5 32. Rxh7 Rhd8 33.
Ra4 a5 34. Bh5 R8d7 35. Bg4 Rd8 36. Bf5 Bc6 37. Rah4 Rd1 38. Bd3 e4 39. Bxe4
Re1+ 40. Kf3 Rxe4 41. Rxe4 f5 42. Rxf7 Bxe4+ 43. Ke3 Bxc2 44. h4 Bb1 45. Rf6+
Kb7 46. a3 Rd3+ 47. Ke2 Rxb3 48. h5 c4 49. h6 Bd3+ 50. Ke3 Rb1 51. f3 Re1+ 52.
Kd4 Rh1 53. Kc3 Rh3 54. g4 fxg4 55. fxg4 Be2+ 56. Kd4 c3 57. Rf7+ Kb6 58. Rf6+
Kb5 59. Rf5+ Ka4 60. g5 Kb3 61. Rb5+ 0-1

[Event "Xtracon Chess Open 2016"]
[Site "Elsinore"]
[Date "2016.07.30"]
[Round "9.48"]
[White "Jorgensen, Dennis"]
[Black "Nielsen, Klaus"]
[Result "1-0"]
[WhiteElo "2215"]
[BlackElo "2089"]
[PlyCount "105"]
[EventDate "2016.07.23"]

1. d4 d5 2. Nf3 e6 3. c4 c6 4. Qc2 f5 5. g3 Bd6 6. Bg2 Nf6 7. O-O O-O 8. Nc3 b6
9. Bg5 Bb7 10. cxd5 exd5 11. Qxf5 Bc8 12. Qc2 h6 13. Bxf6 Qxf6 14. e4 Qf7 15.
exd5 Bf5 16. Qb3 c5 17. Nb5 Qf6 18. dxc5 bxc5 19. Nd2 Nd7 20. Nc4 Be5 21. Ne3
Rab8 22. Nxf5 Qxf5 23. Qa4 a6 24. Qxa6 Rb6 25. Qa5 Bxb2 26. Rab1 Qf6 27. Bh3
Ne5 28. Nc7 Nf3+ 29. Kh1 Rfb8 30. Be6+ Kh8 31. Na6 Bc3 32. Rxb6 Bxa5 33. Rxb8+
Kh7 34. Bg8+ Kg6 35. Re8 Kh5 36. Re6 Qf5 37. Kg2 Nd2 38. Re3 Nxf1 39. Kxf1 Bd2
40. Re7 Qd3+ 41. Kg2 Qd4 42. f4 Bxf4 43. gxf4 Qb2+ 44. Kf3 Qa3+ 45. Re3 Qxa6
46. Bf7+ Kh4 47. Ke4 Qc4+ 48. Kf5 Qd4 49. Re5 c4 50. Kg6 Qxf4 51. Rh5+ Kg4 52.
Be6+ Kf3 53. Rf5 1-0

[Event "Xtracon Chess Open 2016"]
[Site "Elsinore"]
[Date "2016.07.30"]
[Round "9.49"]
[White "Akdag, Dara Sevkan"]
[Black "Machlik, Monika"]
[Result "1-0"]
[WhiteElo "2213"]
[BlackElo "2045"]
[PlyCount "73"]
[EventDate "2016.07.23"]

1. Nf3 Nf6 2. c4 e6 3. Nc3 Bb4 4. g3 O-O 5. Bg2 d5 6. Qb3 Nc6 7. O-O d4 8. Na4
Be7 9. e3 e5 10. d3 a6 11. a3 Re8 12. Qc2 a5 13. e4 Nd7 14. c5 Rf8 15. Qc4 Nf6
16. Bd2 Be6 17. Qc2 Nd7 18. b4 axb4 19. axb4 Na7 20. Nb2 c6 21. Nc4 f6 22. Na5
Qc7 23. Nh4 Nb5 24. Nf5 Nb8 25. Bh3 Bf7 26. f4 Na6 27. Nc4 Rae8 28. fxe5 fxe5
29. Rf2 Nb8 30. Qd1 Bg6 31. Qg4 Rf7 32. Raf1 Ref8 33. Nxe7+ Qxe7 34. Qe6 Re8
35. Nxe5 Qxe6 36. Bxe6 Rxe6 37. Nxf7 1-0

[Event "Xtracon Chess Open 2016"]
[Site "Elsinore"]
[Date "2016.07.30"]
[Round "9.50"]
[White "Solberg, Joachim"]
[Black "Thaler, Toni"]
[Result "1-0"]
[WhiteElo "2211"]
[BlackElo "2037"]
[PlyCount "67"]
[EventDate "2016.07.23"]

1. e4 c5 2. c3 d5 3. exd5 Qxd5 4. d4 Nf6 5. Nf3 Nc6 6. Na3 Bg4 7. Be2 cxd4 8.
Nb5 O-O-O 9. Nbxd4 Qe4 10. Qb3 Nxd4 11. cxd4 e6 12. Be3 Kb8 13. O-O Bd6 14. h3
Bh5 15. Ng5 Qh4 16. Nf3 Bxf3 17. Bxf3 Rd7 18. Qb5 Rhd8 19. Rac1 Bf4 20. Rc3 Nd5
21. Rb3 Qg5 22. Qe2 Bxe3 23. fxe3 f5 24. a4 Qg3 25. a5 g5 26. a6 b6 27. Bxd5
Rxd5 28. Rc3 Rc8 29. e4 Rxc3 30. bxc3 fxe4 31. Rf8+ Kc7 32. Qc4+ Kd6 33. Rf7
Qe1+ 34. Kh2 1-0